| 000 | 00469nam a2200181Ia 4500 | ||
|---|---|---|---|
| 008 | 230917s9999||||xx |||||||||||||| ||und|| | ||
| 020 | _cRS 725.00 | ||
| 040 |
_e5008801 _aMAIN |
||
| 041 | _aEnglish | ||
| 082 | _a658.4092 D131L(6) | ||
| 100 | _aDaft, Richard L | ||
| 245 | 0 | _aLeadership experience | |
| 250 | _a6th ed. | ||
| 260 |
_aDelhi _bCengage Learning India _c2018 |
||
| 300 | _axviii, 507 p. | ||
| 500 | _a3941 03/01/2020 HBD20/8175 24/01/2020 | ||
| 942 | _cBK | ||
| 999 |
_c1236 _d1236 |
||